• 首页
  • 本馆介绍
  • 公告通知
  • 最新文献
  • 馆藏检索
  • 电子资源
  • 读者导购
  • 参考咨询
  • 我的图书馆
  • 登录
  • 详细信息显示
  • 放入我的书架
  • 预约/预借图书
  • 作者相关作品
  • 分类相关作品
  • 丛书相关作品
  • 出版社相关作品

书目信息

  • 表格格式
  • 工作单格式
  • 卡片格式
题名:
计算机系统实用快捷维修指南
    
 
作者: 聂元铭 编著
分册:  
出版信息: 北京   人民邮电出版社  1997
页数: 279页
开本: 16开
丛书名: 计算机维修丛书
单 册:
中图分类: TP306.3
科图分类:
主题词: 电子计算机--维修 , 计算技术
电子资源:
ISBN: 7-115-05844-X
000 00683nam0 2200229 45
001 0111070974
005 20031219104051.5
010    @a7-115-05844-X@dCNY24.00
100    @a20011107d1997 km y0chiy0120 ea
101 0  @achi
105    @a z 000yy
200 1  @a计算机系统实用快捷维修指南@AJi Suan Ji Xi Tong Shi Yong Kuai Jie Wei Xiu Zhi Nan@f聂元铭编著@FNie Yuan Ming Bian Zhu
210    @a北京@c人民邮电出版社@d1997
215    @a279页@d16开
225    @a计算机维修丛书
410    @12001 @a计算机维修丛书
606 0  @a电子计算机@x维修
606 0  @a计算技术
690    @aTP306.3@v4
701    @a聂元铭@4编著
801    @aCN@bTSTC@c20011107
905    @f1@b300615@dTP306.3@e215
    
    计算机系统实用快捷维修指南/聂元铭编著.-北京:人民邮电出版社,1997
    279页;16开.-(计算机维修丛书)
    
    
    ISBN 7-115-05844-X:CNY24.00
    
●
相关链接 在E读中查询图书 在五车中查询图书 在当当中查询图书 在豆瓣中查询图书


正题名:计算机系统实用快捷维修指南     索取号:TP306.3/215         预约/预借

序号 登录号 条形码 馆藏地/架位号 状态 备注
1 0300615   203006157   第二样本阅览室/ [索取号:TP306.3/215] 在馆    
欢迎您!
大连网信软件有限公司© 版权所有